| 000 | 00673nam a22002057a 4500 | ||
|---|---|---|---|
| 005 | 20260121112617.0 | ||
| 010 | _aENG-147577 | ||
| 020 |
_c600.00 _a9789382878148 |
||
| 035 | _aEN-131109 | ||
| 037 |
_bDBAD _aDPL |
||
| 082 |
_a346.5407 _226 |
||
| 100 |
_aSen, Arun Kumar _986704 |
||
| 245 |
_aCommercial Law Including Company Law & Industrial Law Business Law/ _cArun Kumar Sen [and] Jitendra Kumar Mitra |
||
| 250 | _a26 | ||
| 260 |
_b The World Press Pvt Ltd, _aKolkata _c2022 |
||
| 270 |
_a37A College Street _bKolkata _e700073 |
||
| 300 |
_a815p. _c24cm(pb) |
||
| 700 |
_aMitra, Jitendra Kumar _eAuthor _986702 |
||
| 942 |
_2ddc _cEN _h346.5407 _mSEN |
||
| 999 |
_c214365 _d214365 |
||